[Event "BEL-ch U18"]
[Site "Blankenberge"]
[Date "2015.04.14"]
[Round "4"]
[White "Chimakadze, Giorgi"]
[Black "Deschepper, Simon"]
[Result "1/2-1/2"]
[WhiteElo "1571"]
[BlackElo "1527"]
[PlyCount "34"]
[EventDate "2015.04.12"]
[EventType "swiss"]
[EventRounds "9"]
[EventCountry "BEL"]
[SourceTitle "CBM 166 Extra"]
[Source "ChessBase"]
[SourceDate "2015.06.18"]
[SourceVersion "1"]
[SourceVersionDate "2015.06.18"]
[SourceQuality "1"]

1. e4 e6 2. d4 d5 3. exd5 exd5 4. Bd3 Nf6 5. h3 Be7 6. Ne2 b6 7. c3 Ba6 8. 0-0 0-0 9. Bf4 Bxd3 10. Qxd3 Re8 11. Nd2 Bd6 12. Bxd6 Qxd6 13. Ng3 g6 14. Rfe1 Nbd7 15. Kf1 c6 16. Rxe8+ Rxe8 17. Re1 Rxe1+ 1/2-1/2

[Event "BEL-ch U16"]
[Site "Blankenberge"]
[Date "2014.04.19"]
[Round "9"]
[White "Deschepper, Simon"]
[Black "Vanhercke, Hugo"]
[Result "1-0"]
[WhiteElo "1550"]
[BlackElo "1150"]
[PlyCount "86"]
[EventDate "2014.04.??"]
[EventType "swiss"]
[EventRounds "9"]
[EventCountry "BEL"]
[SourceTitle "EXT 2015"]
[Source "ChessBase"]
[SourceDate "2014.11.20"]
[SourceVersion "1"]
[SourceVersionDate "2014.11.20"]
[SourceQuality "1"]

1. d4 d5 2. c4 e6 3. Nf3 Nf6 4. g3 dxc4 5. Bg2 Bd7 6. Ne5 Bc6 7. Nxc6 Nxc6 8. 0-0 Qd7 9. Re1 Rb8 10. e3 b5 11. Qc2 Rb6 12. Bd2 Bb4 13. Bxc6 Qxc6 14. Bxb4 Nd5 15. Bc5 Ra6 16. Nc3 e5 17. Nxd5 Qxd5 18. a4 exd4 19. exd4+ Kd7 20. axb5 Rxa1 21. Rxa1 Re8 22. Bxa7 Qxb5 23. Qa4 Re1+ 24. Kg2 Qxa4 25. Rxa4 Re2 26. Rxc4 Rxb2 27. Bc5 Kc6 28. Ba3+ Kd5 29. Rxc7 Rd2 30. Rxf7 Rxd4 31. Rd7+ Ke5 32. Bb2 Kf5 33. Bxd4 g5 34. Rxh7 g4 35. Re7 Kg6 36. Re5 Kh6 37. f3 gxf3+ 38. Kxf3 Kg6 39. Kg4 Kh6 40. Re6+ Kh7 41. Kg5 Kg8 42. Kg6 Kf8 43. Bc5+ Kg8 1-0